书目信息 |
| 题名: |
逆境中的中国宏观调控政策执行
|
|
| 作者: | 江永清 著 | |
| 分册: | ||
| 出版信息: | 北京 中国社会科学出版社 2017 |
|
| 页数: | 301页 | |
| 开本: | 24cm | |
| 丛书名: | ||
| 单 册: | ||
| 中图分类: | F123.16 | |
| 科图分类: | ||
| 主题词: | 宏观调控政策--hong guan tiao kong zheng ce--研究--中国--2008-2012 | |
| 电子资源: | ||
| ISBN: | 978-7-5161-9746-2 | |
| 000 | 01486nam0 22002411 450 | |
| 001 | 1738602744 | |
| 005 | 20170627164620.0 | |
| 010 | @a978-7-5161-9746-2@dCNY69.00 | |
| 100 | @a20170508d2017 em y0chiy50 ea | |
| 101 | 0 | @achi |
| 102 | @aCN@b110000 | |
| 105 | @ay z 000yy | |
| 106 | @ar | |
| 200 | 1 | @a逆境中的中国宏观调控政策执行@9ni jing zhong de zhong guo hong guan tiao kong zheng ce zhi hang@e2008-2012@f江永清著 |
| 210 | @a北京@c中国社会科学出版社@d2017 | |
| 215 | @a301页@d24cm | |
| 300 | @a本书受广西财经学院广西社会保障重点建设学科项目资助 | |
| 330 | @a逆境是政策制定面对的一种普遍条件,也是政策执行的一种现实挑战。2008年“百年一遇”的国际金融危机的冲击,使中国政府面对公共政策的制定和执行的重大逆境。中国政府出台了一系列的宏观调控政策,这些政策安排的合理性与政策执行的有效性,不仅直接关系到顺利走出逆境,实现国家的经济安全和可持续发展,而且直接反映出政府政策制定和执行系统的能力。本研究采取自上而下的研究途径,也即是从中央政府的政策制定出发自上而下研究政策执行,运用并拓展德罗尔叶海卡的逆境政策制定理论,进一步回答逆境中的政策执行问题;总体研究方法上按照“行为研究”—“价值研究”—“规范研究”的思路设计论文的整体架构。对政策执行过程和重点进行分析,对政策执行成败得失和系统原因进行分析,对政策执行改进,进而对政策系统改进提出应然的路径选择。 | |
| 606 | 0 | @a宏观调控政策@9hong guan tiao kong zheng ce@x研究@y中国@x2008-2012 |
| 690 | @aF123.16@v5 | |
| 701 | 0 | @a江永清@9jiang yong qing@4著 |
| 801 | 0 | @aCN@bTANGWEI@c20170621 |
| 905 | @b1015777-82@dF123.16@e281@f6 | |
| 逆境中的中国宏观调控政策执行:2008-2012/江永清著.-北京:中国社会科学出版社,2017 |
| 301页;24cm |
| 本书受广西财经学院广西社会保障重点建设学科项目资助 |
| ISBN 978-7-5161-9746-2:CNY69.00 |
| 逆境是政策制定面对的一种普遍条件,也是政策执行的一种现实挑战。2008年“百年一遇”的国际金融危机的冲击,使中国政府面对公共政策的制定和执行的重大逆境。中国政府出台了一系列的宏观调控政策,这些政策安排的合理性与政策执行的有效性,不仅直接关系到顺利走出逆境,实现国家的经济安全和可持续发展,而且直接反映出政府政策制定和执行系统的能力。本研究采取自上而下的研究途径,也即是从中央政府的政策制定出发自上而下研究政策执行,运用并拓展德罗尔叶海卡的逆境政策制定理论,进一步回答逆境中的政策执行问题;总体研究方法上按照“行为研究”—“价值研究”—“规范研究”的思路设计论文的整体架构。对政策执行过程和重点进行分析,对政策执行成败得失和系统原因进行分析,对政策执行改进,进而对政策系统改进提出应然的路径选择。 |
| ● |
| 相关链接 |
|
|
|
|
正题名:逆境中的中国宏观调控政策执行
索取号:F123.16/281
 
预约/预借
| 序号 | 登录号 | 条形码 | 馆藏地/架位号 | 状态 | 备注 |
| 1 | 1015777 | 210157774 | 第一样本阅览室/ [索取号:F123.16/281] | 在馆 | |
| 2 | 1015778 | 210157783 | 教育系资料室/ [索取号:F123.16/281] | 在馆 | |
| 3 | 1015779 | 210157792 | 教育系资料室/ [索取号:F123.16/281] | 在馆 | |
| 4 | 1015780 | 210157809 | 教育系资料室/ [索取号:F123.16/281] | 在馆 | |
| 5 | 1015781 | 210157818 | 第一借阅区/ [索取号:F123.16/281] | 在馆 | |
| 6 | 1015782 | 210157827 | 第一借阅区/ [索取号:F123.16/281] | 在馆 |